Tilastot visalle Suomenlahden suurimmat kaupungit kartalla

Klikkaa tästä pelataksesi tätä visaa!

Yleistilastot

  • Tätä visaa on pelattu 1 208 kertaa
    (605 viimeisimmän päivityksen jälkeen)
  • Keskiarvotulos 9 / 13

Vastaukset kartalla

Vastauksille on annettu kartalla punavihreä väri sen mukaan, kuinka moni on saanut sen oikein.
 

Vastaustilastot

ValtioVäkilukuKaupunki% Oikein
Suomi664 028Helsinki
100%
Viro437 817Tallinna
98%
Suomi305 274Espoo
94%
Suomi50 617Kotka
93%
Venäjä5,60 milj.Pietari
93%
Suomi51 232Porvoo
81%
Suomi19 549Hamina
76%
Venäjä72 530Viipuri
67%
Suomi40 722Kirkkonummi
60%
Suomi22 320Sipoo
59%
Suomi27 306Raasepori
53%
Venäjä65 367Sosnovyi Bor
14%
Viro16 170Maardu
12%

Tulosjakauma

Persentiili vastausten määrän mukaan

Jokaisen tuloksen saaneiden osuus

Tuloshistoriasi

Et ole pelannut tätä visaa sen viimeisimmän päivityksen jälkeen